| 000 | 00580nam a2200205 4500 | ||
|---|---|---|---|
| 008 | b xx# fre u | ||
| 010 | _a42910/1-43045 | ||
| 020 | _a2011350387 | ||
| 020 | _a9782011350381 | ||
| 040 | _aLB-BrCRDP | ||
| 082 | _aM:F/T323m | ||
| 100 | 1 | _aTerracher, Pierre-Henri | |
| 130 | 0 | _lFR | |
| 245 | 1 | 0 |
_aMath 1re S _cPierre-Henri Terracher, Robert Ferachoglou |
| 260 |
_aParis _bHachette _c1995 |
||
| 490 | 0 | _aTerracher | |
| 500 | _a* Math : analyse. * Math : géométrie. * Math : corrigés. | ||
| 942 | _cBK | ||
| 999 |
_c11265 _d11265 |
||